Magnitostrikcionnyje javlenija i ich techničeskije priloženija /

Guardado en:
Detalles Bibliográficos
Autor principal: Belov, Konstantin Petrovič (Autor)
Formato: Libro
Publicado: Moskva : Nauka, 1987
Etiquetas: Agregar Etiqueta
Sin Etiquetas, Sea el primero en etiquetar este registro!

MARC

LEADER 00000nam a22000003a 4500
001 stu20173
005 20150617225751.7
008 ------s1987----xxr---------------------d
040 |a STU  |b slo 
041 0
044 |a xxr 
080 |a 537.6 
100 1 |a Belov, Konstantin Petrovič  |4 aut 
245 1 |a Magnitostrikcionnyje javlenija i ich techničeskije priloženija /  |c [aut.]Belov,Konstantin Petrovič 
260 |a Moskva :  |b Nauka,  |c 1987 
300 |a 158 s :  |b Tab.,grafy,lit 
996 |b C79603  |c C*79603  |l CCV  |s P  |a 0  |w stu20173_0001 
996 |b C79567  |c C*79567  |l CCV  |s P  |a 0  |w stu20173_0002